| 000 | 01055cam a22002534a 4500 | ||
|---|---|---|---|
| 999 |
_c57371 _d57371 |
||
| 001 | 15135307 | ||
| 005 | 20220930120731.0 | ||
| 008 | 080109s2009 paua b 001 0 eng | ||
| 020 | _a9781416031154 | ||
| 035 | _a(OCoLC)ocn190860094 | ||
| 041 | _aeng | ||
| 080 | _a612 B-78 | ||
| 100 |
_a Boron, Walter F. _98342 |
||
| 245 | 0 | 0 |
_aMedical physiology : _ba cellular and molecular approach / _cWalter F. Boron ; Emile L. Boulpaep ; edit. William Schmit. |
| 250 | _a2nd ed., International ed. | ||
| 264 |
_aPhiladelphia, PA : _bSaunders/Elsevier, _c2009. |
||
| 300 |
_a1337 p. : _bill. (chiefly col.) ; _c29 cm. |
||
| 653 | _aსამედიცინო ფიზიოლოგია: ფიჭური და მოლეკულური მიდგომა | ||
| 653 | _aმედიცინა | ||
| 700 | 1 |
_aBoulpaep, Emile L. _98347 _eავტორი |
|
| 700 | 1 |
_aSchmit, William _98348 _eრედაქტორი |
|
| 856 | 4 | 1 |
_3Table of contents only _uhttp://www.loc.gov/catdir/toc/ecip088/2008000942.html |
| 942 |
_2udc _cBK |
||